Statistics for Guess the Flag

Click here to take the quiz!

General Stats

  • This quiz has been taken 32 times
  • The average score is 13 of 15

Answer Stats

Answer% Correct
Sweden
100%
Germany
100%
Japan
100%
Canada
100%
Brazil
100%
South Africa
96%
South Korea
96%
Jamaica
96%
Australia
96%
Iran
89%
Mexico
82%
Portugal
82%
Nigeria
75%
Barbados
50%
Ethiopia
39%

Score Distribution

Percentile by Number Answered

Percent of People with Each Score

Your Score History

You have not taken this quiz